Diccionario geográfico-estadístico-histórico. Castilla La Mancha / (Record no. 8873)

MARC details
000 -LEADER
campo de control de longitud fija 01558nam a2200361 i 4500
001 - NÚMERO DE CONTROL
campo de control 8873
003 - IDENTIFICADOR DE NÚMERO DE CONTROL
campo de control ES-MaACL
005 - FECHA Y HORA DE LA ÚLTIMA TRANSACCIÓN
campo de control 20250927140217.0
007 - CAMPO FIJO DE DESCRIPCIÓN FÍSICA--INFORMACIÓN GENERAL
campo de control de longitud fija t|
008 - DATOS DE LONGITUD FIJA--INFORMACIÓN GENERAL
campo de control de longitud fija 921110r19871850sp ae |||| | spa d
020 ## - NÚMERO INTERNACIONAL ESTÁNDAR DEL LIBRO
Número Internacional Estándar del Libro 84-86047-90-0
080 ## - NÚMERO DE LA CLASIFICACIÓN DECIMAL UNIVERSAL
Número de la Clasificación Decimal Universal 946.4(038)
080 ## - NÚMERO DE LA CLASIFICACIÓN DECIMAL UNIVERSAL
Número de la Clasificación Decimal Universal 946.742(038)
080 ## - NÚMERO DE LA CLASIFICACIÓN DECIMAL UNIVERSAL
Número de la Clasificación Decimal Universal 914.64(038)
080 ## - NÚMERO DE LA CLASIFICACIÓN DECIMAL UNIVERSAL
Número de la Clasificación Decimal Universal 914.674.2(038)
100 1# - ENTRADA PRINCIPAL--NOMBRE DE PERSONA
Nombre de persona Madoz, Pascual,
Fechas asociadas al nombre 1806-1870
9 (RLIN) 75334
245 10 - MENCIÓN DEL TÍTULO
Título Diccionario geográfico-estadístico-histórico. Castilla La Mancha /
Mención de responsabilidad, etc. Pascual Madoz ; estudio introductorio, Isidro Sánchez ; [editor de la obra, Domingo Sánchez Zurro].
250 ## - MENCION DE EDICION
Mención de edición Ed. facs.
260 ## - PUBLICACIÓN, DISTRIBUCIÓN, ETC.
Lugar de publicación, distribución, etc. Valladolid :
Nombre del editor, distribuidor, etc. Ámbito ;
Lugar de publicación, distribución, etc. [Sevilla] :
Nombre del editor, distribuidor, etc. Editoriales Andaluzas Reunidas,
Fecha de publicación, distribución, etc. 1987.
300 ## - DESCRIPCIÓN FÍSICA
Extensión 2 v. :
Otras características físicas il., planos ;
Dimensiones 27 cm.
501 ## - NOTA DE CON
Nota de "Con" Con: Atlas de España y sus posesiones de ultramar. Castilla La Mancha / Francisco Coello. Madrid, 1852 [?]
534 ## - NOTA SOBRE LA VERSIÓN ORIGINAL
Frase introductoria Reprod. parcial del Diccionario geográfico-estadístico-histórico de España y sus posesiones de ultramar por Pascual Madoz:
Publicación, distribución, etc. del original Madrid, 1845-1850.
651 #4 - PUNTO DE ACCESO ADICIONAL DE MATERIA--NOMBRE GEOGRÁFICO
Nombre geográfico Castilla-La Mancha-
Subdivisión general Historia-
Subdivisión de forma Diccionarios.
9 (RLIN) 7982
651 #4 - PUNTO DE ACCESO ADICIONAL DE MATERIA--NOMBRE GEOGRÁFICO
Nombre geográfico Castilla-La Mancha-
Subdivisión general Descripción-
Subdivisión de forma Diccionarios.
9 (RLIN) 7981
655 #7 - TERMINO DE INDIZACIÓN--GENERO/FORMA
Fuente del término tgfbne
9 (RLIN) 226495
Datos o término principal de género/forma Facsímiles
700 1# - ENTRADA AGREGADA--NOMBRE PERSONAL
Nombre de persona Sánchez Sánchez, Isidro,
Fechas asociadas al nombre 1949-
9 (RLIN) 152461
700 1# - ENTRADA AGREGADA--NOMBRE PERSONAL
Nombre de persona Sánchez Zurro, Domingo J.
9 (RLIN) 102999
700 1# - ENTRADA AGREGADA--NOMBRE PERSONAL
Nombre de persona Coello, Francisco,
Fechas asociadas al nombre 1822-1898
9 (RLIN) 39459
740 02 - ENTRADA AGREGADA--TÍTULO RELACIONADO/ANALÍTICO NO CONTROLADO
Título relacionado o analítico no controlado Atlas de España y sus posesiones de ultramar. Castilla-La Mancha.
852 ## - LOCALIZACIÓN
Ubicación ES-MaACL
Número de control de estantería L-16348-49
942 ## - ELEMENTOS DE ENTRADA SECUNDARIOS (KOHA)
Fuente del sistema de clasificación o colocación Clasificación decimal universal
Holdings
Estatus retirado Estado de pérdida Estado de daño No para préstamo Colección Biblioteca de origen Biblioteca actual Ubicación en estantería Fecha de adquisición Fuente de adquisición Total de préstamos Signatura topográfica completa Código de barras Visto por última vez Precio de reemplazo Tipo de ítem Koha
        Colección de referencia Biblioteca del Ateneo de Madrid Biblioteca del Ateneo de Madrid Depósito 2 17/01/2008     L-16348-49 1009060 23/02/2023 23/02/2023 Libro impreso